00514nam a2200133Ia 450000500170000000800410001702000150005808200130007324500390008626000410012530000180016650001740018470000220035820241023042429.0240331s9999 xx 000 0 und d a0415164494 bPOSa822 0aPostcolonial plays :ban anthology aLondon And New YorkbRoutledgec2001 axiv, 469 p ., aThis Collection of Contemporary postcolonial plays Demonstrates the extraordinary vitality of work that is currently influencing the shape of contemporary world theatre. aGilbert, H. eedt